[Event "Landsturneringen 2023 - Klasse 1"]
[Site "Oslo NOR"]
[Date "2023.07.06"]
[Round "7"]
[White "Omtvedt, Aleksander"]
[Black "Lange, David"]
[Result "1-0"]
[WhiteElo "1888"]
[BlackElo "1987"]
[PlyCount "141"]
[EventDate "2023.07.01"]

1. Nf3 d5 2. d4 Nf6 3. g3 e6 4. Bg2 b6 5. O-O Bb7 6. c4 Bd6 7. Nc3 O-O 8. cxd5 exd5 9. Nb5 Be7 10. Bf4 Na6 11. Rc1 c6 12. Nc3 Nc7 13. Bh3 Ne6 14. Be3 Bd6 15. Re1 Re8 16. Qa4 Nd7 17. Bd2 Qf6 18. Nxd5 Qd8 19. Nc3 c5 20. d5 Nef8 21. Bf4 Nf6 22. Bxd6 Qxd6 23. e4 N8d7 24. Qc2 Rad8 25. a4 Ne5 26. Nxe5 Qxe5 27. Qd3 Qh5 28. Bg2 Ng4 29. h3 Ne5 30. Qd1 Qg6 31. f4 Nc6 32. Qg4 Qxg4 33. hxg4 Nd4 34. Kf2 h6 35. Nb5 Nxb5 36. axb5 a5 37. b3 g6 38. Rcd1 Bc8 39. Kf3 Bb7 40. Bh3 Kg7 41. Re3 Bc8 42. Bf1 Bd7 43. Bc4 Ra8 44. Ra1 Re7 45. e5 Ra7 46. Ra2 Ra8 47. Re1 Ra7 48. Re3 Ra8 49. Be2 Rd8 50. d6 Ree8 51. Bc4 Rb8 52. Rd2 Rbd8 53. Rh2 Rb8 54. Rh4 Rbd8 55. Rh1 Rb8 56. Rd1 Rbd8 57. Be2 Bc8 58. Bc4 Bd7 59. Rf1 Rb8 60. Rb1 Rbd8 61. Bd3 f6 62. Rd1 fxe5 63. fxe5 Be6 64. Bc4 Bxc4 65. bxc4 g5 66. Red3 Kf7 67. Ke4 Ke6 68. Rh1 Rh8 69. Rf3 a4 70. Rhf1 Ra8 71. Rf7 1-0

[Event "Landsturneringen 2023 - Klasse 1"]
[Site "Oslo NOR"]
[Date "2023.07.07"]
[Round "8"]
[White "Lange, David"]
[Black "Menzel, Maximillian"]
[Result "1/2-1/2"]
[WhiteElo "1987"]
[BlackElo "1855"]
[PlyCount "61"]
[EventDate "2023.07.01"]

1. d4 Nf6 2. c4 e6 3. Nf3 b6 4. g3 Ba6 5. Qc2 Bb7 6. Bg2 c5 7. O-O Nc6 8. dxc5 Bxc5 9. Nc3 O-O 10. Bf4 d5 11. cxd5 Nb4 12. Qb1 Nbxd5 13. Nxd5 Bxd5 14. b4 Bd6 15. Bxd6 Qxd6 16. Qb2 Rac8 17. Rac1 b5 18. Rfd1 Qa6 19. a3 Qb7 20. Rxc8 Rxc8 21. Rc1 Rc4 22. Ne1 Bxg2 23. Nxg2 Nd5 24. Rxc4 bxc4 25. e4 Nb6 26. Qd4 h6 27. Ne3 Qc6 28. f3 Qa4 29. Nxc4 Nxc4 30. Qxc4 Qxa3 31. Kg2 1/2-1/2

[Event "Landsturneringen 2023 - Klasse 1"]
[Site "Oslo NOR"]
[Date "2023.07.08"]
[Round "9"]
[White "Lindstad, Livia"]
[Black "Lange, David"]
[Result "0-1"]
[WhiteElo "1755"]
[BlackElo "1987"]
[PlyCount "166"]

1. e4 c5 2. Nf3 d6 3. c3 Nf6 4. Be2 Nc6 5. d3 g6 6. O-O Bg7 7. d4 cxd4 8. cxd4
O-O 9. d5 Nb8 10. Nc3 Nbd7 11. Be3 Ng4 12. Bd4 Nge5 13. Nxe5 Bxe5 14. Be3 a6
15. Qe1 b5 16. f4 Bg7 17. h4 Nf6 18. Bf3 Ng4 19. Bxg4 Bxg4 20. f5 Rc8 21. Qd2
Rc4 22. Bh6 Qb6+ 23. Kh1 Qd4 24. Qxd4 Rxd4 25. Bxg7 Kxg7 26. a3 Rd2 27. Rf4 h5
28. Na2 gxf5 29. exf5 Rxd5 30. f6+ exf6 31. Raf1 f5 32. Nb4 Rd2 33. R1f2 Rd1+
34. Rf1 Rxf1+ 35. Rxf1 a5 36. Nc6 Rc8 37. Nxa5 Rc2 38. Nb3 Rxb2 39. Nd4 Kf6 40.
Rc1 b4 41. axb4 Rxb4 42. Nc6 Rb2 43. Rc3 f4 44. Rd3 Rb1+ 45. Kh2 Rd1 46. Rc3
Rd2 47. Kg1 d5 48. Nb4 Ke5 49. Rc7 Be6 50. Rc5 Ke4 51. Ra5 f3 52. gxf3+ Kxf3
53. Ra3+ Kg4 54. Nc6 Kxh4 55. Ra4+ Kg3 56. Ra3+ Kf4 57. Ra4+ Ke3 58. Ne5 f6 59.
Ra3+ Ke4 60. Ng6 Rd3 61. Rxd3 Kxd3 62. Nf4+ Ke3 63. Nxe6 d4 64. Ng7 d3 65. Nf5+
Kf4 66. Nd4 d2 67. Ne2+ Ke3 68. Nc3 Kd3 69. Nd1 Ke2 70. Nc3+ Ke1 71. Kg2 d1=Q
72. Nxd1 Kxd1 73. Kg3 f5 74. Kf4 h4 75. Kf3 Kd2 76. Kg2 Ke2 77. Kg1 f4 78. Kh1
f3 79. Kg1 f2+ 80. Kh2 f1=R 81. Kg2 Rf3 82. Kh2 Kf2 83. Kh1 Rh3# 0-1

[Event "Landsturneringen 2023 - klasse 2"]
[Site "Oslo NOR"]
[Date "2023.07.01"]
[Round "1"]
[White "Furnes, Torstein"]
[Black "Haug, Rolf"]
[Result "0-1"]
[WhiteElo "1723"]
[BlackElo "1651"]
[Annotator "Furnes,Torstein"]
[PlyCount "100"]
[EventDate "2023.07.01"]

1. d4 Nf6 2. c4 g6 3. Nc3 Bg7 4. e4 d6 5. Nf3 O-O 6. Be2 e5 7. O-O Nc6 8. d5 Ne7 9. Bd2 (9. b4 {er mer aggressivt. Det er ofte spilt og har bra score hos ChessBase. En vanlig fortsettelse er} a5 10. bxa5 Rxa5 11. a4) 9... h6 10. Qc1 Kh7 11. b4 a5 12. a3 Nfg8 13. Rb1 $6 $11 axb4 14. axb4 b6 15. Be3 f5 16. exf5 Nxf5 17. Bd2 Nd4 18. Bd1 $2 $17 ({Her var det nødvendig å spille} 18. Nxd4 exd4 19. Nb5 $11) 18... Bf5 ({Her vil maskinen ofre kvalitet med} 18... Nxf3+ 19. Bxf3 Rxf3 $1 20. gxf3 Qh4 $17) 19. Ra1 $2 $19 ({Igjen mener maskinen at det er nødvendig å fjerne springeren på d4, selv om det innebærer tap av kvalitet når løperen etterpå slår tårnet på b1.} 19. Nxd4 exd4 20. Ne2 Bxb1 $15) 19... Bd3 ({Svart står nå til vinst etter} 19... Rxa1 20. Qxa1 Bd3 21. Re1 e4 22. Nxd4 Bxd4 23. Be3 Qf6 24. Bxd4 Qxd4 $19) 20. Nxd4 $2 ({Rekkefølgen er viktig ! Stockfish mener at hvit må slå tårnet på a8 før slaget på springeren} 20. Rxa8 Qxa8 21. Nxd4 exd4 22. Ne2) 20... exd4 ({Svart vinner etter} 20... Rxa1 21. Qxa1 exd4 22. Ne2 Bxe2 23. Bxe2 d3) 21. Rxa8 Qxa8 22. Ne2 Qa2 23. Re1 Qxc4 ({Vinner bonde, men Stockfish vil heller spille} 23... Be5 {først}) 24. Qxc4 $2 $19 ({Stockfish vil heller spille} 24. Nf4 Qxc1 25. Bxc1 Bc4 26. Bc2) 24... Bxc4 25. Nf4 Nf6 26. Re7 Nxd5 27. Nxd5 Bxd5 28. Rxc7 Kg8 29. Rd7 $2 $19 (29. f3 $15) 29... Rf6 $11 {Svart leder med bonde, men han har svakheter i bondestrukturen med isolerte bønder og en dobbeltbonde. Stockfish vurderer stillingen som helt lik (0.00).} ({Svart vinner etter} 29... Ra8 30. Rc7 b5 $19) 30. Be2 Re6 31. Bd3 Bb3 32. Kf1 d5 33. Rc7 Be5 34. Rc8+ Kg7 35. f4 $6 {Stockfish-evalueringen har holdt seg rundt 0 de siste trekkene, men går nå gradvis over til svart fordel igjen.} Rf6 36. g3 $6 (36. Ke2) 36... g5 37. f5 Bc4 38. Bxc4 Rxf5+ 39. Ke2 dxc4 40. Rxc4 Kg6 41. Rc6+ Rf6 42. b5 Kf7 ({Stockfish vurderer spillet som remis (0.00) etter} 42... Rxc6 43. bxc6 Kf5 44. Kd3 Ke6 45. Ke4 Bh8 46. Bb4) 43. Rxf6+ Bxf6 44. Kd3 Ke6 45. Kc4 $4 $19 {Tapstrekk. Stockfish mener stillingen er remis dersom hvit istedet spiller Ke4, h3, g4 eller Lb4.} Kd6 $11 {Men nå er stillingen remis igjen. Svarts vinsttrekk var Ke5, Kf5 eller h5.} 46. Be1 $4 $19 {Så står svart til vinst igjen. h3 eller g4 ville holdt remis.} Ke5 47. Bf2 Ke4 48. g4 d3 49. Kb3 Kf3 50. Bxb6 Ke2 0-1

[Event "Landsturneringen 2023 - klasse 2"]
[Site "Oslo NOR"]
[Date "2023.07.02"]
[Round "2"]
[White "Marosevic, Tomislav"]
[Black "Furnes, Torstein"]
[Result "0-1"]
[WhiteElo "1622"]
[BlackElo "1723"]
[Annotator "Furnes,Torstein"]
[PlyCount "116"]
[EventDate "2023.07.01"]

1. Nf3 d5 2. c4 e6 3. d4 Nf6 4. Nbd2 Be7 5. g3 O-O 6. Bg2 c5 7. dxc5 Bxc5 8. O-O Nc6 9. b3 d4 10. Bb2 e5 11. Qb1 Bg4 12. a3 a5 13. Ne4 Bf5 14. Nh4 Bxe4 15. Bxe4 Nxe4 16. Qxe4 g6 17. Nf3 Qe7 18. Bc1 Rad8 19. Bh6 Rfe8 20. Qc2 $19 {Svartfordelen øker til ca -4 etter dette trekket.} ({Stockfish vil spille} 20. g4 $17) 20... e4 21. Ng5 f6 22. Nh3 g5 {Løperen er innesperret.} 23. Qc1 e3 24. f4 g4 25. Ng5 Rd7 ({Dersom jeg spiller} 25... fxg5 $6 26. Bxg5 {får hvit byttet løper mot tårn i neste trekk.}) 26. b4 axb4 27. axb4 Nxb4 28. f5 fxg5 29. f6 Qe5 30. Qd1 Rf7 31. Qa4 d3 32. Rf5 Qxf5 33. Qxe8+ Bf8 34. Rf1 {[#]} Qc5 ({Her er maskinens klare førstevalg} 34... Qxf1+ $3 35. Kxf1 Rxf6+ 36. Kg2 Rf2+ 37. Kg1 dxe2 38. Qxe3 Rf1+ 39. Kg2 e1=Q 40. Qxe1 Rxe1) 35. Bxf8 Qxf8 36. Qxe3 dxe2 37. Rf5 h6 38. Re5 Rxf6 ({Her hadde det beste selvsagt vært å spille} 38... e1=Q+ 39. Qxe1 Nd3) 39. Qxe2 Rf2 $1 40. Qe3 ({Svart får byttet av brikker og får forenklet sluttspillet dersom hvit tar imot det midlertidige offeret.} 40. Qxf2 Qxf2+ 41. Kxf2 Nd3+ 42. Ke3 Nxe5) 40... Rf1+ 41. Kg2 Qf2+ ({Her er} 41... Nc2 $1 {mest effektivt.} 42. Rxg5+ (42. Qe2 Ne1+ 43. Qxe1 Qf3#) 42... hxg5 43. Qxg5+ Qg7) 42. Qxf2 Rxf2+ 43. Kg1 ({Svart vinner raskt etter} 43. Kxf2 Nd3+ 44. Ke3 Nxe5 45. Kd4 Nf3+ 46. Kc5 Nxh2 47. Kb6 Nf3 48. Kxb7 Ne5) 43... Rf7 44. Re4 h5 45. Re5 Rg7 46. Kg2 Nd3 47. Re8+ Kf7 48. Rh8 Kg6 49. Rd8 Ne1+ 50. Kf2 Nf3 51. h3 Ne5 52. hxg4 Nxg4+ 53. Kg1 Rc7 54. Rg8+ Kf5 55. Rf8+ Nf6 56. Rb8 Kg4 57. Rf8 Ne4 58. Re8 Rxc4 0-1

[Event "Landsturneringen 2023 - klasse 2"]
[Site "Oslo NOR"]
[Date "2023.07.03"]
[Round "3"]
[White "Furnes, Torstein"]
[Black "Reigstad. Erlend"]
[Result "1/2-1/2"]
[WhiteElo "1723"]
[BlackElo "1658"]
[Annotator "Furnes,Torstein"]
[PlyCount "115"]
[EventDate "2023.07.01"]

1. d4 Nf6 2. c4 c5 3. d5 b5 4. cxb5 a6 5. e3 (5. bxa6 {er det mest spilte trekket hos ChessBase.}) (5. b6 {er det nest vanligste}) 5... axb5 6. Bxb5 Qa5+ 7. Nc3 Ne4 ({Hos ChessBase fortsetter de fleste partiene med} 7... Bb7 {og det er også computerens førstevalg.} 8. Bd2 Qb6) 8. Nge2 g6 9. O-O Nxc3 10. Nxc3 Bg7 11. Qd3 O-O 12. e4 d6 13. Bd2 Nd7 14. f4 $6 $11 {Stockfish likte ikke dette trekket.} Ba6 15. Bxa6 Qxa6 16. Qxa6 Rxa6 17. Nd1 Bd4+ 18. Kh1 Nf6 $11 (18... Rfa8 19. a3 Rb8 $17) 19. Re1 Rb8 20. Bc3 $2 $17 (20. Re2 {er bedre}) 20... Bxc3 21. bxc3 Ra4 22. Nf2 Rb2 23. Kg1 Raxa2 {Dermed har svart vunnet tilbake bonden han ofret i åpningen.} 24. Rxa2 Rxa2 25. g3 Rc2 26. Re3 Kf8 27. Kf1 Ke8 28. Ke1 Kd8 29. Rf3 Kc7 30. Kd1 Ra2 31. c4 Ra4 32. Rc3 Nd7 33. Nd3 Nb6 34. Nb2 Ra1+ 35. Rc1 Rxc1+ $11 {Svart har de siste trekkene hatt en fordel på ca. -1, men etter dette tårnbyttet faller Stockfish-evalueringen til 0 og holder seg der omkring resten av partiet.} 36. Kxc1 Kb7 37. Kc2 Ka6 38. Kb3 Nd7 39. Nd3 Nf6 40. Nf2 Kb6 41. e5 Ne8 42. Ne4 f6 43. e6 h6 44. g4 Ng7 45. Ng3 Kc7 46. Kc3 Kd8 47. Kd3 Ke8 48. Ke4 Kf8 49. h4 h5 50. gxh5 f5+ 51. Kf3 Nxh5 52. Nxh5 gxh5 53. Ke3 Ke8 54. Kd3 Kd8 55. Kc3 Kc7 56. Kb3 Kb6 57. Ka4 Ka6 58. Kb3 1/2-1/2

[Event "Landsturneringen 2023 - klasse 2"]
[Site "Oslo NOR"]
[Date "2023.07.03"]
[Round "4"]
[White "Eiken, Gunnar"]
[Black "Furnes, Torstein"]
[Result "0-1"]
[WhiteElo "1637"]
[BlackElo "1723"]
[Annotator "Furnes,Torstein"]
[PlyCount "108"]
[EventDate "2023.07.01"]

1. e4 c5 2. d4 cxd4 3. c3 {Hvit ofrer bonde med Smith-Morra-gambiten.} dxc3 4. Nxc3 Nc6 5. Nf3 d6 6. Bc4 e6 7. O-O Nf6 8. Qe2 Be7 9. Rd1 e5 {Etter bondeofferet har begge spillerne hele tiden fulgt hovedvarianten (dvs det mest spilte trekket hos ChessBase). Men nå går hvit inn i en litt sjeldnere variant.} 10. Bg5 O-O 11. Rac1 a6 12. h3 h6 13. Be3 Bd7 {Her forlater vi de siste partiene hos ChessBase med denne åpningen.} 14. Bb3 Rc8 15. a3 b5 16. Rd3 $17 {Stockfish likte ikke helt dette trekket.} Na5 17. Ba2 Nc4 18. Bxc4 Rxc4 19. Bd2 $19 ({Stockfish vil heller spille} 19. Nd2) 19... Qc8 20. Rd1 Be6 21. Ne1 Qb7 22. f3 Rfc8 23. Nc2 a5 $6 (23... d5 {er bedre med poenget} 24. exd5 Bf5 $1) 24. Ne3 R4c5 25. Be1 ({Stockfish vil spille} 25. b4) 25... b4 26. Ncd5 Nxd5 27. Nxd5 Bxd5 28. Rxd5 b3 (28... Rc2 {er bedre}) 29. Bc3 {Dermed får hvit blokkert c-linjen slik at svarts tårn ikke kommer inn i hvits stilling.} Qb6 ({Her vil Stockfish ofre kvalitet med} 29... Rxc3 $1 30. bxc3 Rxc3 $19 {med svartfordel på mer enn -3.}) 30. Kh1 Kf8 $6 $17 (30... Rxd5 31. exd5 (31. Rxd5 $2 Rxc3 $1 32. bxc3 b2) 31... Bg5 $19) 31. g3 (31. f4) 31... Rxd5 32. exd5 Rc5 33. f4 Qb7 34. Qe4 f6 35. Kh2 Qc8 36. fxe5 fxe5 37. Qh7 Bf6 38. Qh8+ Ke7 39. Qxc8 Rxc8 40. Bxa5 {Hvit vinner tilbake bonden han ofret i åpningen, men svart står til vinst.} Rc2+ 41. Rd2 Bg5 42. Rg2 e4 43. Bc3 Bf6 44. Bxf6+ Kxf6 45. Kg1 Ke5 (45... e3 {er mest effektivt.} 46. Kf1 Ke5 47. Re2 Ke4) 46. Kf1 Kxd5 (46... e3 {er matt i 12 trekk.}) 47. Re2 Rxe2 48. Kxe2 Kd4 49. Kd2 e3+ (49... d5 {er enklere. Da slipper svart å bekymre seg for varianter der a-bonden begynner å gå.}) 50. Ke2 Ke4 51. h4 ({Svart vinner også etter} 51. a4 d5 52. a5 d4 53. a6 d3+ 54. Ke1 Kf3 55. a7 d2+ 56. Kd1 Kf2 57. a8=Q e2+ 58. Kxd2 e1=Q+ 59. Kd3 Qe2+ 60. Kc3 Qc2+ 61. Kb4 Qxb2 {men det blir mye mer komplisert med to dronninger på brettet.}) 51... d5 52. g4 d4 53. g5 hxg5 54. hxg5 d3+ 0-1

[Event "Landsturneringen 2023 - klasse 2"]
[Site "Oslo NOR"]
[Date "2023.07.04"]
[Round "5"]
[White "Furnes, Torstein"]
[Black "Vold, Erik N"]
[Result "1-0"]
[WhiteElo "1723"]
[BlackElo "1686"]
[Annotator "Furnes,Torstein"]
[PlyCount "83"]
[EventDate "2023.07.01"]

1. d4 Nf6 2. c4 g6 3. Nc3 d5 4. cxd5 Nxd5 5. e4 Nxc3 6. bxc3 Bg7 7. Nf3 (7. Bc4 c5 8. Ne2 Nc6 9. Be3 O-O 10. O-O {er hovedvarianten hos ChessBase.}) 7... O-O 8. Be2 c5 9. O-O b6 10. Be3 Qc7 11. Qc1 $146 {Dette trekket er ikke tidligere spilt i ChessBase sin online-database.} Rd8 12. Rd1 ({Stockfish liker bedre} 12. Bf4 {fulgt av d5.}) 12... Bb7 13. Bd3 ({Stockfish vil fortsatt spille} 13. Bf4 {fulgt av d5.}) 13... Nd7 14. Rb1 Rac8 15. Qa3 Ba8 16. Rbc1 e6 17. Nd2 Nf6 18. Ba6 $2 $17 {En feil som gjør at fordelen vipper over til svart.} Rb8 ({Stockfish vil spille} 18... Ng4 $1 19. Bxc8 Qxh2+ 20. Kf1 Nxe3+ 21. fxe3 Rxc8 22. Qxa7 $15) 19. Bd3 (19. Bg5) 19... Ng4 20. Nf3 Nxe3 21. fxe3 c4 22. Bb1 Bc6 23. Qb2 Qb7 24. Qc2 $17 {Svart har nå en fordel på ca -1, men etter svarts to neste trekk vipper det over til hvit fordel på ca. +1. Svarts dronning og løper står godt der de presser nedover i den lange diagonalen. Med de to neste trekkene får disse to brikkene mindre aktive posisjoner.} Qa6 25. Rf1 Ba4 $16 26. Qf2 Qb7 27. Ng5 $11 (27. e5 $16 {er bedre.}) 27... Rf8 ({Springeren bør jages vekk med.} 27... h6 {Førstevalget til Stockfish er isåfall å slå på f7, men jeg tror ikke jeg ville gjort det i partiet.} 28. Nxf7 Rf8 29. Qg3 Rxf7 30. Rxf7 Kxf7 31. e5 g5 32. h4 Qe7) 28. Qh4 $11 (28. e5 $18) 28... h6 29. Nf3 Bc6 30. e5 $11 {Stockfish evaluerer denne stillingen som 0.00. Men iløpet av de neste trekkene øker hvitfordelen gradvis.} Rbe8 31. Qg3 Be4 32. Nd2 Bxb1 33. Rxb1 Rc8 34. Rf4 Qe7 35. Ne4 Kh7 36. Nf6+ $6 {Dette var ikke blant favorittrekkene til Stockfish, og hvitfordelen synker til ca +1.5.} ({Her har hvit en fordel på +5 med fortsettelsen} 36. Rbf1) 36... Bxf6 37. exf6 ({Stockfish vil heller slå med tårnet.} 37. Rxf6) 37... Qd7 $2 $18 {Den avgjørende feilen. Dronningen måtte gå til enten c7, d6 eller d8.} 38. Rh4 Qd5 39. e4 Qa5 40. e5 Rh8 {En liten kombinasjon til slutt:} 41. Rxh6+ $1 Kg8 (41... Kxh6 42. Qh4#) 42. Rxh8+ ({Det blir matt med} 42. Rxh8+ Kxh8 43. Qh4+ Kg8 44. Qh6 Qxc3 45. Qg7#) 1-0

[Event "Landsturneringen 2023 - klasse 2"]
[Site "Oslo NOR"]
[Date "2023.07.05"]
[Round "6"]
[White "Hjørnevik, Knut Jarle"]
[Black "Furnes, Torstein"]
[Result "1-0"]
[WhiteElo "1674"]
[BlackElo "1723"]
[Annotator "Furnes,Torstein"]
[PlyCount "81"]
[EventDate "2023.07.01"]

1. d4 d5 2. c4 e6 3. Nc3 Nf6 4. cxd5 exd5 5. Bg5 Be7 6. Qc2 O-O 7. e3 Nbd7 8. h3 {Et sjeldent trekk som kun er spilt 1 gang blant 1280 partier i ChessBase Online Database.} ({Mest vanlig er} 8. Bd3) 8... Re8 9. Bd3 Nf8 10. Nf3 c6 11. O-O Ng6 12. Bxf6 Bxf6 13. b4 Qd6 14. b5 Bd7 15. bxc6 bxc6 16. Na4 Bd8 17. Nc5 Bc7 $2 $18 {Hvit har så langt i partiet hatt en fordel i intervallet 0.5 - 1. Men etter dette trekket øker fordelen til +2.4.} ({Stockfish vil spille} 17... Bc8) 18. Rfc1 ({Stockfish vil heller spille} 18. Nxd7 Qxd7 19. Bf5 Qd6 20. Rfc1 {og c-bonden faller}) 18... Bc8 19. Rab1 ({Litt bedre er} 19. Na6 Bxa6 20. Bxa6 Ne7 21. Bb7 Rab8 22. Bxc6) 19... Bb6 $2 $18 (19... Qf6 20. Na6 Bxa6 21. Bxa6 Ne7 22. Qa4 {er førstevalget til Stockfish.}) 20. Na4 Bd8 21. Qxc6 Qxc6 22. Rxc6 Bd7 23. Ra6 Bc8 24. Rd6 Ne7 25. Rc1 Ba5 26. Ne5 Bb4 27. Nc5 a5 28. Nc6 Nxc6 29. Rxc6 Be6 30. a4 h6 31. Bb5 Re7 32. Nd3 Bd7 33. Nxb4 Bxc6 34. Nxc6 Rc7 35. Rc5 Rd7 36. Nxa5 Rdd8 37. Nc6 Rd6 38. Ne7+ Kf8 39. Nxd5 Rad8 40. Nc3 Ke7 41. Kf1 1-0

[Event "Landsturneringen 2023 - klasse 2"]
[Site "Oslo NOR"]
[Date "2023.07.06"]
[Round "7"]
[White "Furnes, Torstein"]
[Black "Grimsrud, Øyvind"]
[Result "1-0"]
[WhiteElo "1723"]
[BlackElo "1648"]
[Annotator "Furnes,Torstein"]
[PlyCount "117"]
[EventDate "2023.07.01"]

1. d4 d5 2. c4 dxc4 3. e4 Nf6 4. e5 Nd5 5. Bxc4 Bf5 ({I ChessBase Live Database fortsetter de fleste partiene med} 5... Nb6) 6. Qb3 c6 7. Nc3 (7. Qxb7 $2 {er tvilsomt pga} Nb6 {og svart har trusselen Lc8 som fanger dronningen. Hvit må derfor spille} 8. e6 {og Stockfish anbefaler videre} Nxc4 (8... fxe6 9. Nd2 e5 10. Ngf3 Bc8 11. Nxe5 Qd6 12. Qxc8+ Nxc8 13. Bf7+ Kd8 14. Bb3 Qxd4 15. Ndf3 Qe4+ 16. Be3 $19) 9. Qxa8 Qc7 10. Na3 Nb6 11. Bf4 Nxa8 12. Bxc7 Nxc7 13. exf7+ Kxf7 $17) ({Men hvis hvit først slår ut springeren med} 7. Bxd5 cxd5 {er det trygt å slå b7-bonden.} 8. Qxb7 Qc8 9. Qxc8+ Bxc8 {Dette er spilt i 16 partier i Chessbase Online Database. Blant annet Gelfand (2729) har spilt dette som hvit. Hvit leder med bonde. Stockfish angir hvitfordel på +0.3.}) 7... e6 8. Bxd5 cxd5 9. Qxb7 Nd7 10. Nf3 {Etter dette trekket følger vi ikke lenger noen partier som finnes i ChessBase Online Database.} Qc8 11. Qxc8+ Rxc8 12. O-O Be7 13. Bd2 O-O 14. a3 Nb6 15. Rfc1 Nc4 16. b4 Nb2 17. Ne1 $6 ({Stockfish vil spille} 17. Nb5 a6 18. Na7 Rxc1+ 19. Rxc1 Nc4 20. Nc6) 17... Nc4 18. Be3 Nb6 19. Nf3 a6 20. Nd2 Rc7 21. Nb3 Rfc8 22. Nc5 Ra8 23. Kf1 h6 24. Ke2 Nc4 25. h3 Nb2 26. Ra2 Nc4 27. g4 Bh7 28. f4 Rc6 29. Rf1 h5 30. gxh5 $6 $11 (30. f5 $16) 30... Bf5 31. Rf3 Kh7 32. Ra1 Kh6 33. Rg3 Bh4 34. Rf3 Kxh5 35. Bf2 Be7 36. Rg3 g6 37. Nd1 Rb6 38. Ne3 Nxe3 39. Rxe3 a5 40. bxa5 $6 $15 Rb2+ 41. Kf1 Rxa5 42. Rc3 g5 (42... Bxc5 43. Rxc5 (43. dxc5 Ra4 44. Rf3 d4 $19) 43... Bxh3+ $17) 43. fxg5 Bxg5 44. a4 f6 45. Nd7 fxe5 46. Nxe5 Rb4 47. Rca3 Ra6 48. a5 Rb2 49. Nd7 Ra7 50. Nc5 Bd2 51. a6 Bb4 52. Rg3 Rb1+ $2 $18 {Stillingen har vært ganske jevn gjennom hele partiet, men etter dette trekket kommer hvitfordelen opp i +3.} 53. Rxb1 Bxb1 54. Nxe6 $2 {Men nå forsvinner mesteparten av hvitfordelen igjen.} ({Den vinnende fortsettelsen er} 54. Rb3 Bxc5 55. Rxb1 {og her er faktisk førstevalget til Stockfish å ofre løperen. Ellers ville hvit kunne spille Tb6 i neste trekk med avgjørende fordel.} Bxd4 56. Bxd4 Rxa6 57. Re1 $18) 54... Rxa6 55. Nf4+ Kh6 56. Nxd5 Bd6 $2 $18 {Tapstrekket.} (56... Bf8 $14) 57. Be3+ Kh7 (57... Kh5 {taper også etter} 58. Nf6+ Kh4 59. Rg8 Ra2 (59... Kxh3 60. Kf2 Ra7 61. Rg5) 60. Bf2+ Rxf2+ 61. Kxf2 Be7 62. Nd5 Ba3 63. Nf4 Bf5 64. Kf3) 58. Nf6+ Kh8 59. Rg8# {Dette mattmotivet der tårn og springer setter matt i hjørnet kalles visst arabisk matt.} 1-0

[Event "Landsturneringen 2023 - klasse 2"]
[Site "Oslo NOR"]
[Date "2023.07.08"]
[Round "9"]
[White "Furnes, Torstein"]
[Black "Fuglesang, Michael Winnem"]
[Result "1-0"]
[WhiteElo "1723"]
[BlackElo "1689"]
[Annotator "Furnes,Torstein"]
[PlyCount "68"]
[EventDate "2023.07.01"]

1. d4 d5 2. c4 e6 3. Nc3 Nf6 4. Bg5 Be7 5. e3 O-O 6. Nf3 b6 7. cxd5 exd5 8. Bd3 Be6 9. O-O Nbd7 10. Rc1 c5 11. Re1 c4 12. Bb1 Bg4 13. b3 Ba3 14. Rc2 {Tilsynelatende det eneste trekket, men Stockfish har dette tårntrekket som sitt tredjevalg.} ({Førstevalget til Stockfish er} 14. bxc4) ({og andrevalget er} 14. h3) 14... h6 15. Bf4 $6 (15. Bh4 {er bedre.}) 15... cxb3 16. axb3 Bf5 17. Ra2 Bxb1 18. Qxb1 Bb4 19. Rc1 g5 20. Bg3 Bxc3 21. Rxc3 Ne4 22. Rc6 f5 $6 $18 {Den svarte kongen mister en del beskyttelse etter dette trekket og hvitfordelen kommer opp i +3.} 23. Rxh6 $2 {Jeg overser helt springergaffelen på c3, men Stockfish mener hvit fortsatt har en fordel på +2 etter avbyttet.} (23. Ne5) 23... Nc3 24. Qc2 Nxa2 25. Qxa2 Rf6 26. Rh5 g4 27. Ne5 {Dette var ikke den sterkeste fortsettelsen ifølge Stockfish.} ({Bedre er} 27. Rg5+) ({eller} 27. Nh4) 27... Nxe5 28. Bxe5 Qe8 {Dette dronningtrekket er det eneste som unngår tap.} 29. Rg5+ $6 $11 {Etter dette trekket er stillingen helt lik (0.00). Hvit hadde to andre trekk som beholder en liten hvit fordel.} ({En interessant variant er} 29. b4 Qxh5 30. Qxd5+ Kh7 31. Qb7+ Qf7 32. Qxa8 Re6 33. Qh8+ Kg6 $16 {men hvits angrep slår ikke helt igjennom.}) ({Den andre muligheten er} 29. Rh4 Qc6 30. Qb1 Rc8 31. h3 Qc1+ 32. Qxc1 Rxc1+ 33. Kh2 Rfc6 $16) 29... Rg6 30. Rxf5 $6 $17 {En feil som gjør at fordelen vipper over til svart. Hvit hadde to andre trekk som gir lik stilling.} (30. Rh5 Rg7 31. Rh6 Rh7 32. Rf6 $11) (30. Rxg6+ Qxg6 31. Qc2 $11) 30... Rc8 $11 ({Bedre er} 30... Qc8 31. Qb1 Rc6 32. Rg5+ Kf8 33. Qf5+ Qxf5 34. Rxf5+ Ke7 35. h3 $17) 31. g3 Rc1+ 32. Kg2 {Stockfish vurderer denne stillingen som helt lik. Men svarts neste trekk er tapstrekket.} Rh6 $2 $18 {Svart hadde to andre trekk der stillingen fortsatt er helt jevn.} (32... Qb5 {truer matt og ser farlig ut, men hvit redder seg med} 33. Rf8+ $1 Kxf8 34. Qa3+ Ke8 35. Qxc1 $11) (32... Qd7 $11) 33. Qxa7 {Nå blir det matt.} Rh7 34. Rg5+ Kf8 1-0